000 01079cab a2200205 4500
001 ABS67398
008 040205n2004 000 0 eng u
035 _a(Sirsi) u125054
245 _aLooking ahead to 2006
260 _c2004
490 _aBuilding
_v268(8314) 9 January 2004, 53-61(9)
520 _aExperian Business Strategies report that there was 4% real term growth in the construction industry compared with an increase of 2% of GDP. Future growth is thought to be more modest with 3% predicted for 2004 and falling to 2% in 2005. Public non-residential construction is booming but this will decrease towards the end of the forecast period 2003-06, while commercial construction has moved sharply into recession and activity is expected to decline until 2006. Includes tables and information on construction output, regional output and orders.
590 _aABS
650 _aCONSTRUCTION INDUSTRY
650 _aCONSTRUCTION OUTPUT
650 _aCONSTRUCTION ORDERS
650 _aREGIONAL ORDERS
690 _aBUILDING AND CONSTRUCTION-ECONOMICS
942 _n0
999 _c74126
_d74126